Znajdź kraj w... #2 - Statystyki

Ogólne statystyki
  • Ten quiz został rozwiązany 132 razy
  • Średni wynik to 6 z 6
Odpowiedzi na mapie
Odpowiedzi zakodowano w zielono-czerwonej skali na mapie do tego quizu, zgodnie z poniższymi procentami.
 
Statystyki odpowiedzi
Odpowiedź % Poprawnych
Polska
100%
Portugalia
97%
Szwajcaria
94%
Liechtenstein
90%
Litwa
90%
Białoruś
85%
Nie znaleziono quizów pasujących do podanych kryteriów
Rozkład punktacji
Procent ludzi z każdym wynikiem
Percentyl według liczby udzielonych odpowiedzi
Twoja historia wyników
Nie rozwiązałeś tego quizu